Ekonomická diplomacie

Salvato in:
Dettagli Bibliografici
Autore principale: Ornatskij, Igor' Aleksandrovič
Natura: Libro
Lingua:ceco
Pubblicazione: Praha Horizont 1982
Tags: Aggiungi Tag
Nessun Tag, puoi essere il primo ad aggiungerne!!

MARC

LEADER 00000nam a2200000 4500
001 c132093
005 20250529075533.1
041 0 |a cze 
044 |a CZ 
245 1 0 |a Ekonomická diplomacie  |c Igor' Aleksandrovič Ornatskij 
264 1 |a Praha  |b Horizont  |c 1982 
300 |a 176 s. 
100 1 |a Ornatskij, Igor' Aleksandrovič